|
|
|
|
| LEADER |
00000nkmaa2200000 a 4500 |
| 001 |
vtls011898294 |
| 003 |
SK-MaSNL |
| 005 |
20260331211438.0 |
| 007 |
kh bo |
| 008 |
230802n xr | |||0 k|ger |
| 035 |
|
|
|a urn:nbn:sk:snk-km00ejba
|
| 035 |
|
|
|a urn:nbn:sk:snk-km45w5z
|
| 035 |
|
|
|a 14191C46-6123-4F58-994C-D6AB380CCEB6
|
| 040 |
|
|
|a SNKLA
|b slo
|c SNKLA
|e AACR2
|
| 041 |
0 |
|
|a ger
|
| 044 |
|
|
|a xr
|c CZ
|
| 100 |
1 |
|
|a Langhans, Jan,
|d 1851-1928
|4 pht
|9 188542
|
| 245 |
1 |
0 |
|a [Kohútová, Viera]
|h grafika
|
| 260 |
|
|
|a [S.l.
|b s.n.
|c s.a.]
|
| 300 |
|
|
|a 1 fotografia
|b čiernobiela
|c 21 x 11 cm
|
| 520 |
2 |
|
|a Zobrazenie: Podobizeň národnokultúrnej pracovníčky Viery Kohútovej, rodenej Országhovej (13.7.1889 Abramová-Laclavá - 11.12.1968 Martin).
|
| 600 |
1 |
7 |
|a Kohútová, Viera,
|d 1889-1968
|2 SNKMA
|9 196612
|
| 655 |
|
7 |
|a portrétne fotografie
|2 SNKPH
|9 305796
|
| 852 |
7 |
|
|a Slovenská národná knižnica v Martine
|b Literárny archív
|
| 958 |
|
|
|a ZO
|
| 958 |
|
|
|a BLA
|
| 999 |
|
|
|c 1034883
|d 1036813
|
| 952 |
|
|
|a SNKLA
|b SNKLA
|c SNKLA_DEP
|y NEVYP
|7 0
|p 17A1310380
|o snkSK 34/33
|i snkLA 5905/1970
|0 0
|1 0
|4 0
|d 2019-11-06
|f 1
|l 0
|r 2026-02-24 14:05:57
|w 2026-02-24
|